Cities on US Route 23 - Statistics

General Stats
  • This quiz has been taken 7 times
  • The average score is 17 of 81
Answers on the Map
Answers color-coded by a green-red scale on the quiz's map according to % correct below.
 
Answer Stats
State County Answer % Correct
Ohio Columbus
100%
Georgia Butts Jackson
100%
Florida Duval Jacksonville
100%
Georgia Bibb Macon
100%
Michigan Washtenaw Ann Arbor
83%
Georgia Atlanta
83%
Michigan Genesee Flint
83%
Ohio Lucas Toledo
83%
Michigan Alpena Alpena
67%
North Carolina Buncombe Asheville
67%
Tenessee Johnson City
67%
Tenessee Kingsport
67%
Ohio Delaware Delaware
50%
Kentucky Boyd Ashland
33%
Georgia DeKalb Brookhaven
33%
Georgia DeKalb Decatur
33%
Georgia Gwinnett Duluth
33%
Ohio Marion Marion
33%
Georgia Buford
17%
Michigan Cheboygan Cheboygan
17%
Ohio Ross Chillicothe
17%
Ohio Pickaway Circleville
17%
Georgia Habersham Cornelia
17%
Georgia DeKalb Doraville
17%
Michigan Fenton
17%
Georgia Hall Flowery Branch
17%
Ohio Fostoria
17%
Georgia Hall Gainesville
17%
Michigan Alcona Harrisville
17%
Georgia Henry Locust Grove
17%
Ohio Lucas Maumee
17%
Georgia Henry McDonough
17%
Michigan Milan
17%
Georgia Gwinnett Norcross
17%
Georgia Gwinnett Peachtree Corners
17%
Ohio Wood Perrysburg
17%
Ohio Scioto Portsmouth
17%
Michigan Presque Isle Rogers City
17%
Michigan Arenac Standish
17%
Georgia Henry Stockbridge
17%
Georgia Gwinnett Sugar Hill
17%
Georgia Gwinnett Suwanee
17%
Ohio Lucas Sylvania
17%
Michigan Iosco Tawas City
17%
Ohio Wyandot Upper Sandusky
17%
Ohio Franklin Worthington
17%
Michigan Skaginaw Zilwaukee
17%
Georgia Bacon Alma
0%
Michigan Arenac Au Gres
0%
Georgia Baldwin
0%
Kentucky Boyd Catlettsburg
0%
Georgia DeKalb Chamblee
0%
Georgia Dodge Chauncey
0%
Kentucky Pike Coal Run Village
0%
Georgia Bleckley Cochran
0%
Georgia Habersham Demorest
0%
Georgia Dodge Eastman
0%
Michigan Iosco East Tawas
0%
Kentucky Greenup Flatwoods
0%
Georgia Butts Flovilla
0%
Georgia Charlton Folkston
0%
Kentucky Greenup Greenup
0%
Georgia Jeff Davis Hazlehurst
0%
Georgia Charlton Homeland
0%
Kentucky Letcher Jenkins
0%
Georgia Butts Jenkinsburg
0%
Kentucky Lawrence Louisa
0%
Georgia Lula
0%
Georgia Telfair Lumber CIty
0%
Georgia Telfair McRae-Helena
0%
Virginia Norton
0%
Georgia Hall Oakwood
0%
Michigan Arenac Omer
0%
Kentucky Johnson Paintsville
0%
Kentucky Pike Pikeville
0%
Kentucky Floyd Prestonsburg
0%
Kentucky Greenup Raceland
0%
Kentucky Greenup Russell
0%
Kentucky Greenup South Shore
0%
Georgia Ware Waycross
0%
Kentucky Greenup Wurtland
0%
No matching quizzes found
Score Distribution
Percent of People with Each Score
Percentile by Number Answered
Your Score History
You have not taken this quiz